Strategic marketing problems :cases and comments / (Record no. 2125)

000 -LEADER
fixed length control field 00845cam a2200265 a 4500
001 - CONTROL NUMBER
control field 934586
003 - CONTROL NUMBER IDENTIFIER
control field OSt
005 - DATE AND TIME OF LATEST TRANSACTION
control field 20160613094915.0
008 - FIXED-LENGTH DATA ELEMENTS--GENERAL INFORMATION
fixed length control field 831011s1984 maua 000 0 eng
010 ## - LIBRARY OF CONGRESS CONTROL NUMBER
LC control number 83022295
020 ## - INTERNATIONAL STANDARD BOOK NUMBER
International Standard Book Number 0205081045 :
Terms of availability $24.95
040 ## - CATALOGING SOURCE
Original cataloging agency DLC
Transcribing agency DLC
Modifying agency DLC
-- MoSU-L
-- DLC
050 00 - LIBRARY OF CONGRESS CALL NUMBER
Classification number HF5415.K47 1984
082 00 - DEWEY DECIMAL CLASSIFICATION NUMBER
Classification number 658.8
Edition number 19
100 1# - MAIN ENTRY--PERSONAL NAME
Personal name Kerin, Roger A.
245 10 - TITLE STATEMENT
Title Strategic marketing problems :cases and comments /
Statement of responsibility, etc Roger A. Kerin, Robert A. Peterson.
250 ## - EDITION STATEMENT
Edition statement 3rd ed.
260 ## - PUBLICATION, DISTRIBUTION, ETC. (IMPRINT)
Place of publication, distribution, etc Boston :
Name of publisher, distributor, etc Allyn and Bacon,
Date of publication, distribution, etc c1984.
300 ## - PHYSICAL DESCRIPTION
Extent ix, 678 p. :
Other physical details ill. ;
Dimensions 25 cm.
650 #0 - SUBJECT ADDED ENTRY--TOPICAL TERM
Topical term or geographic name as entry element Marketing
General subdivision Decision making
Form subdivision Case studies.
650 #0 - SUBJECT ADDED ENTRY--TOPICAL TERM
Topical term or geographic name as entry element Marketing
General subdivision Management
Form subdivision Case studies.
700 1# - ADDED ENTRY--PERSONAL NAME
Personal name Peterson, Robert A.
Fuller form of name (Robert Allen),
Dates associated with a name 1944-
906 ## - LOCAL DATA ELEMENT F, LDF (RLIN)
a 7
b cbc
c orignew
d 1
e ocip
f 19
g y-gencatlg
942 ## - ADDED ENTRY ELEMENTS (KOHA)
Source of classification or shelving scheme
Koha item type Book
Holdings
Withdrawn status Lost status Source of classification or shelving scheme Damaged status Not for loan Home library Current library Shelving location Date acquired Total Checkouts Full call number Barcode Date last seen Copy number Price effective from Koha item type
          Riara University Library Riara University Library General stack 13/06/2016   HF5415.K47 1984 5812/15 13/06/2016 C.1 13/06/2016 Book

Riara University Library,
P.O. Box 49940-00100,
Nairobi, Kenya.